| 000 | 00365nam a2200133 a 4500 | ||
|---|---|---|---|
| 005 | 20140414131856.0 | ||
| 008 | 100828s19uu xx 00 eng d | ||
| 050 |
_aFIL _bAl1 2007 |
||
| 100 | _aVillanueva, Rene O. | ||
| 245 |
_aAlamat ng guyabano : _bThe legend of the soursop. |
||
| 260 |
_aManila, Philippines : _bLampara, _c2007. |
||
| 440 | _a | ||
| 999 |
_c110470 _d110470 |
||